Comparison of the withdrawal strength and maximum bending moment among the dowel joint, square-end and oval-end mortise and tenon joints (Record no. 47801)

MARC details
000 -LEADER
fixed length control field 00433nam a2200133Ia 4500
100 ## - MAIN ENTRY--AUTHOR NAME
Personal name Wang S Y
245 #0 - TITLE STATEMENT
Title Comparison of the withdrawal strength and maximum bending moment among the dowel joint, square-end and oval-end mortise and tenon joints
260 ## - PUBLICATION, DISTRIBUTION, ETC. (IMPRINT)
Name of publisher Forest Products Industries
Year of publication 1990
300 ## - PHYSICAL DESCRIPTION
Number of Pages Jan-13
500 ## - GENERAL NOTE
General note CAB CD 1993-94
700 ## - ADDED ENTRY--PERSONAL NAME
Personal name Yang S H
942 ## - ADDED ENTRY ELEMENTS (KOHA)
Koha item type Bibliography RLWO
Holdings
Withdrawn status Lost status Damaged status Not for loan Home library Current library Date acquired Serial Enumeration / chronology Koha item type
      Bibliography RRII Library RRII Library 31/12/2021 Volume 9, Issue 1 Bibliography RLWO